000 00657nam a22002057a 4500
010 _a276411
035 _a276411
037 _bCen Lib / Ret
040 _aDPL
_bEN
082 _a204
_bGAN
100 _aGandhi, M.K.
245 _aIn search of the Supreme /
_cby M. K. Gandhi ; edited by V. B. Kher
260 _aAhmedabad
_bNavajivan Publishing House
_c1962
270 _aNavajivan Publishing House
_bNavajivan Publishing House
300 _av 3. 356p
_b24cm(Hb)
650 _aGandhi, -- Mahatma, -- 1869-1948 -- Religion.
650 _aGandhi, -- Mahatma, -- 1869-1948.
700 _aKher, V. B.
942 _2ddc
_cEN
_h204
_mGAN
999 _c136776
_d136776